000 00349nam a2200121 4500
245 _aCommon - sense morality and consequentialism
_cby Michael Slote
100 _aSlote, Michael
260 _aLondon
_bRoutledge & Kegan Paul
_cc1985
300 _aix,157p. ; 22cm.
490 _aInternational library of philosophy
082 _a171
_bSLO
041 _aeng
999 _c64609
_d64609